00935nam a22001817a 4500003000400000008004100004020001500045082001600060100001400076245007100090260004400161300000900205942001300214999001700227952017100244952016900415952016900584OSt260325b |||||||| |||| 00| 0 eng d a8175310952 a370.954 DHB aDHARAMPAL aThe Beautiful Tree Indigenous Indian education in the 18th Century aBengalurub Rashtrotthana Sahityac2025 a437p 2ddccREF c13898d13898 00102ddc40708IKSBCaPIETbPIETd2026-03-16eZafaa Books and DistributorsfINRg500.00kZBD0499l0o370.954 DHBpK186r2026-03-25 00:00:00v425.00w2026-03-16yREF 00102ddc40708IKSaPIETbPIETd2026-03-23eZafaa Books and DistributorsfINRg500.00kZBD0591l0o370.954 DHBp39980r2026-03-28 00:00:00v425.00w2026-03-23yBK 00102ddc40708IKSaPIETbPIETd2026-03-23eZafaa Books and DistributorsfINRg500.00kZBD0591l0o370.954 DHBp39981r2026-03-28 00:00:00v425.00w2026-03-23yBK